Statistiques concernant Top 20 des meilleurs buteur de la coupe du monde 2022.

Cliquez ici pour prendre le quiz!

Statistiques générales

  • Ce quiz a été pris 88 fois
  • Le résultat moyen est 3 sur 20

Statistiques - réponses

HintRéponse% Correct
1Mbappé
99%
2Messi
99%
4giroud
36%
3Álvarez
31%
5Marcus Rashford
13%
6Bukayo Saka
9%
14Harry Kane
8%
16Neymar
6%
11Gonçalo Ramos
6%
7richarlison
5%
10Cody (Gakpo)
4%
9Álvaro Morata
3%
13Kai Havertz
3%
17Vincent Aboubakar
3%
8(Enner Valencia)
1%
20Ferran Torres
1%
19Andrej Kramaric
1%
18Gue Sung Cho
1%
12Niclas
1%
15Salem Mohammed Al-Dawsari
1%

Distribution des résultats

Percentile par nombre de réponses

% des personnes avec chaque résultat

Votre développement - résultats

Vous n’avez pas pris ce quiz